| 000 | 01930nam2a2200277 4500 | ||
|---|---|---|---|
| 001 | RU\NLR\BIBL_A\021958064 | ||
| 005 | 20230626163247.0 | ||
| 021 |
_aRU _bКН-П-23-029991 _9КН-П-23-2965 |
||
| 035 | _a(NLR Aleph) 021958064 | ||
| 035 | _a(RuMoRGB)011775100 | ||
| 090 |
_a12308408 _c12308408 |
||
| 100 | _a20230606d2020 u y0rusy50 ca | ||
| 101 | 0 | _arus | |
| 102 | _aRU | ||
| 105 | _aa z 000zy | ||
| 200 | 1 |
_aПересечение поверхностей _eучебное пособие для студентов, обучающихся по всем направлениям подготовки инженерных специальностей |
|
| 210 | _d2022 | ||
| 215 |
_a64с. _cил. |
||
| 320 | _aБиблиогр.: с. 64 (11 назв.) | ||
| 461 | 0 |
_1001RU\NLR\BIBL_A\012579896 _12001#$aИспользование принципов начертательной геометрии в инженерной графике$vЧ. 2 _1700#1$aЗапорожцева$bН. И.$gНина Ивановна _912518400 _aЗапорожцева, Н. И. _cНижний Новгород _d2020 _fН. И. Запорожцева, С. П. Новиков, И. Н. Шоркина _nИзд-во ФГБОУ ВО "ВГУВТ" _oучебное пособие : для студентов очного, заочного и дистанционного обучения технических специальностей и направлений подготовки 23.03.01, 27.03.02 _tИспользование принципов начертательной геометрии в инженерной графике _vЧ. 2 |
|
| 606 | 1 |
_aПоверхности _jУчебные издания для высших учебных заведений _xПересечение _91901160 _3RU\NLR\AUTH\66865524 |
|
| 686 | 1 | _aВ181.191я73-1 | |
| 942 | _cBOOK | ||
| 980 | _aNB | ||